|
|
|
|
| LEADER |
01063nam a22002177a 4500 |
| 020 |
|
|
|a 978-81-7690-137-6
|
| 082 |
|
|
|a 891.73
|b BAG/A Q0.M
|
| 100 |
|
|
|a ബഗ്രത് ഷിന്കുബ
|9 274908
|
| 100 |
|
|
|a Bagrat Sinkuba
|9 274909
|
| 240 |
|
|
|a Akannu Poyavarilavasheshichavan
|
| 245 |
|
|
|a അകന്നുപോയവരാല് അവശേഷിച്ചവന്
|
| 250 |
|
|
|a 1st.
|
| 260 |
|
|
|a Thrissur;
|b Kerala Sahitya Akademi;
|c 2010
|
| 300 |
|
|
|a 334p.
|
| 650 |
|
|
|a മലയാളം; നോവല്; മലയാളം നോവല്; റഷ്യന് വിവര്ത്തന നോവല്
|9 274910
|
| 650 |
|
|
|a Malayalam; Novel; Malayalam Novel; Russian Translated Novel
|9 274344
|
| 700 |
|
|
|a പി വിശ്വനാഥന്, വിവര്.
|9 274911
|
| 700 |
|
|
|a P Viswanadhan, Tr.
|9 274912
|
| 942 |
|
|
|c BK
|
| 999 |
|
|
|c 57153
|d 57153
|
| 952 |
|
|
|0 0
|1 0
|4 0
|6 891_730000000000000_BAG_A_Q0_M
|7 0
|8 NOVET
|9 68338
|a MAL
|b MAL
|d 2016-07-21
|e 53990
|g 210.00
|l 0
|o 891.73 BAG/A Q0.M
|p MAL053990
|r 2016-07-21
|t 1
|w 2016-07-21
|y BK
|